New opportunities (Record no. 79149)

MARC details
000 -LEADER
fixed length control field 00602cab a22001935a 4500
001 - CONTROL NUMBER
control field L139978
008 - FIXED-LENGTH DATA ELEMENTS--GENERAL INFORMATION
fixed length control field 070824e20070818xxk F 000 0 eng d
035 ## - SYSTEM CONTROL NUMBER
System control number (Sirsi) u139978
041 0# - LANGUAGE CODE
Language code of text/sound track or separate title eng
100 1# - MAIN ENTRY--PERSONAL NAME
Personal name Johnson, Tom
245 00 - TITLE STATEMENT
Title New opportunities
260 ## - PUBLICATION, DISTRIBUTION, ETC.
Date of publication, distribution, etc. 2007
490 #0 - SERIES STATEMENT
Series statement Estates Gazette
Volume/sequential designation (0733) 18 August 2007, 84-86(2)
520 ## - SUMMARY, ETC.
Summary, etc. Reports on the attractiveness of the hotel sector to investors and the challenges.
590 ## - LOCAL NOTE (RLIN)
Local note ka
651 #4 - SUBJECT ADDED ENTRY--GEOGRAPHIC NAME
Geographic name United Kingdom
Chronological subdivision
690 ## - LOCAL SUBJECT ADDED ENTRY--TOPICAL TERM (OCLC, RLIN)
Topical term or geographic name as entry element PROPERTY-COMMERCIAL PROPERTY-LEISURE PROPERTY-HOLIDAY AND GUEST PROPERTY-HOTEL PROPERTY
942 ## - ADDED ENTRY ELEMENTS (KOHA)
Suppress in OPAC 0
Holdings
Withdrawn status Lost status Source of classification or shelving scheme Damaged status Not for loan Home library Current library Shelving location Date acquired Total Checkouts Full call number Barcode Date last seen Copy number Price effective from Koha item type
    Dewey Decimal Classification     London London Journal article 04/09/2007   L139978 139978-1001 06/08/2019 1 06/08/2019 Journal article